000 00437nam a2200169Ia 4500
005 20250315100209.0
008 231217s9999 xx 000 0 und d
020 _a9788177589405
082 _a658.152 HUL;23
100 _aHull, John C.
245 0 _aOptions, futures, and other derivatives
250 _a6th ed.
260 _c2006
_bPearson
_aNew Delhi
300 _a810
650 _aOptions,,futures,,derivatives
942 _cAA
999 _c182675
_d182675